The valuation of property investments
Kaydedildi:
| Yazar: | |
|---|---|
| Materyal Türü: | Kitap |
| Dil: | İngilizce |
| Baskı/Yayın Bilgisi: |
2002
|
| Etiketler: |
Etiketle
Etiket eklenmemiş, İlk siz ekleyin!
|
MARC
| LEADER | 00000nam a22000007a 4500 | ||
|---|---|---|---|
| 008 | 201217b ||||| |||| 00| 0 eng d | ||
| 020 | |a : 0-7282-0369-3 | ||
| 100 | |a ENEVER, Nigel | ||
| 245 | |a The valuation of property investments |c Nigel Enever ,David Isaac | ||
| 250 | |b 6th | ||
| 260 | |c 2002 |h London |i 691580 691581 |l HD1387 .En2 | ||
| 942 | |a lcc |c BK |e ogunleye | ||
| 952 | |0 0 |1 0 |2 lcc |4 0 |6 HD1387 E N2 |7 0 |9 734 |a HOL |b HOL |d 2020-12-17 |l 0 |o HD1387 .En2 |p 2020-229952 |r 2020-12-17 00:00:00 |w 2020-12-17 |y BK | ||
| 952 | |0 0 |1 0 |2 lcc |4 0 |6 HD1387 E N2 |7 0 |9 735 |a HOL |b HOL |d 2020-12-17 |l 0 |o HD1387 .En2 |p 2020-229953 |r 2020-12-17 00:00:00 |w 2020-12-17 |y BK | ||
| 999 | |c 416 |d 416 | ||